Favourite poems we learned in school / (Record no. 31066)
[ view plain ]
| 000 -LEADER | |
|---|---|
| fixed length control field | 00975cam a2200301 a 4500 |
| 001 - CONTROL NUMBER | |
| control field | 4444617 |
| 005 - DATE AND TIME OF LATEST TRANSACTION | |
| control field | 20220222100542.0 |
| 008 - FIXED-LENGTH DATA ELEMENTS--GENERAL INFORMATION | |
| fixed length control field | 940922s1993 ie 001 0 eng d |
| 010 ## - LIBRARY OF CONGRESS CONTROL NUMBER | |
| LC control number | 94211573 |
| 015 ## - NATIONAL BIBLIOGRAPHY NUMBER | |
| National bibliography number | GB93-47084 |
| 020 ## - INTERNATIONAL STANDARD BOOK NUMBER | |
| International Standard Book Number | 1856350517 |
| 035 ## - SYSTEM CONTROL NUMBER | |
| System control number | (OCoLC)28891016 |
| 040 ## - CATALOGING SOURCE | |
| Original cataloging agency | Uk |
| Transcribing agency | Uk |
| Modifying agency | DLC |
| 042 ## - AUTHENTICATION CODE | |
| Authentication code | lccopycat |
| 050 00 - LIBRARY OF CONGRESS CALL NUMBER | |
| Classification number | PR1175 |
| Item number | .F295 1993 |
| 082 00 - DEWEY DECIMAL CLASSIFICATION NUMBER | |
| Classification number | 821.008 |
| Edition number | 20 |
| 100 ## - MAIN ENTRY--PERSONAL NAME | |
| Personal name | Walsh, Thomas F. |
| 245 00 - TITLE STATEMENT | |
| Title | Favourite poems we learned in school / |
| Statement of responsibility, etc. | chosen and introduced by Thomas F. Walsh. |
| 260 ## - PUBLICATION, DISTRIBUTION, ETC. (IMPRINT) | |
| Place of publication, distribution, etc. | Cork : |
| Name of publisher, distributor, etc. | Mercier Press, |
| Date of publication, distribution, etc. | [1993?] |
| 300 ## - PHYSICAL DESCRIPTION | |
| Extent | 122 p. ; |
| Dimensions | 20 cm. |
| 500 ## - GENERAL NOTE | |
| General note | Includes index. |
| 650 #0 - SUBJECT ADDED ENTRY--TOPICAL TERM | |
| Topical term or geographic name as entry element | English poetry. |
| 653 0# - INDEX TERM--UNCONTROLLED | |
| Uncontrolled term | American poetry. |
| 700 1# - ADDED ENTRY--PERSONAL NAME | |
| Personal name | Walsh, Thomas F. |
| Titles and other words associated with a name | (Primary school headmaster) |
| 906 ## - LOCAL DATA ELEMENT F, LDF (RLIN) | |
| a | 7 |
| b | cbc |
| c | copycat |
| d | 3 |
| e | ncip |
| f | 19 |
| g | y-gencatlg |
| 942 ## - ADDED ENTRY ELEMENTS (KOHA) | |
| Source of classification or shelving scheme | |
| Koha item type | Special Collection |
| Classification part | PR1175 .F295 1993 |
| Withdrawn status | Lost status | Source of classification or shelving scheme | Damaged status | Not for loan | Home library | Current library | Shelving location | Date acquired | Source of acquisition | Cost, normal purchase price | Total Checkouts | Full call number | Barcode | Date last seen | Price effective from | Koha item type |
|---|---|---|---|---|---|---|---|---|---|---|---|---|---|---|---|---|
| MACHAKOS UNIVERSITY LIBRARY | MACHAKOS UNIVERSITY LIBRARY | Open shelf | 22/02/2022 | Donation- Damaris Kimanzi | 1017.00 | PR1175 .F295 1993 | 23812 | 22/02/2022 | 22/02/2022 | Special Collection |